Statystyki dla Władcy Polski 966-2019

Kliknij tutaj aby rozwiązać quiz!

Ogólne statystyki

  • Ten quiz został rozwiązany 1 195 razy
  • Średni wynik to 34 z 81

Statystyki odpowiedzi

Lata WładzyKról/prezydent% Poprawnych
966-992Mieszko I
99%
992-1025Bolesław Chrobry
96%
2015-2020Andrzej Duda
82%
1334-1370Kazimierz Wielki
77%
2005-2010Lech Kaczyński
75%
1990-1995Lech Wałęsa
75%
2010-2015Bronisław Komorowski
73%
1399-1434Władysław Jagiełło
73%
1995-2005Aleksander Kwaśniewski
72%
1107-1138Bolesław Krzywousty
72%
1763-1795Stanisław August Poniatowski
72%
1306-1334Władysław Łokietek
68%
1985-1990Wojciech Jaruzelski
65%
1035-1058Kazimierz Odnowiciel
62%
1586-1632Zygmunt Waza
62%
1673-1696Jan Sobieski
60%
1548-1573Zygmunt August
59%
1506-1548Zygmunt Stary
58%
1025-1032Mieszko Lambert
56%
1033-1035Mieszko Lambert
56%
1922-1922Gabriel Narutowicz
55%
1574-1586Stefan Batory
55%
1632-1648Władysław Waza
55%
1573-1574Henryk Walezy
53%
1648-1669Jan Kazimierz Waza
52%
1945-1952Bolesław Bierut
51%
1382-1399Jadwiga Andegaweńska
51%
1032-1033Bezprym
50%
1444-1492Kazimierz Jagiellończyk
49%
1198-1199Mieszko Stary
48%
1173-1177Mieszko Stary
48%
1191-1192Mieszko Stary
48%
1200-1202Mieszko Stary
48%
1736-1763August Sas
46%
1501-1506Aleksander Jagiellończyk
45%
1696-1704August Mocny
45%
1709-1733August Mocny
45%
1370-1382Ludwik Węgierski
45%
1926-1939Ignacy Mościcki
44%
1295-1296Przemysł II
41%
1492-1501Jan Olbracht
40%
1733-1736Stanisław Leszczyński
39%
1704-1709Stanisław Leszczyński
39%
1434-1444Władysław Warneńczyk
38%
1296-1305Wacław II
37%
1290-1295Wacław II
37%
1305-1306Wacław III
37%
1079-1102Władysław Herman
37%
1229-1232Konrad Mazowiecki
34%
1241-1243Konrad Mazowiecki
34%
1194-1198Leszek Biały
34%
1199-1200Leszek Biały
34%
1226-1227Leszek Biały
34%
1211-1225Leszek Biały
34%
1206-1210Leszek Biały
34%
1922-1926Stanisław Wojciechowski
31%
1918-1922Józef Piłsudzki
30%
1138-1146Władysław Wygnaniec
29%
1279-1288Leszek Czarny
28%
1102-1107Zbigniew
28%
1146-1173Bolesław Kędzierzawy
24%
1177-1191Kazimierz Sprawiedliwy
21%
1192-1194Kazimierz Sprawiedliwy
21%
1288-1289Bolesław Mazowiecki
20%
1289-1289Bolesław Mazowiecki
20%
1202-1206Władysław Laskonogi
20%
1227-1229Władysław Laskonogi
20%
1225-1226Henryk Brodaty
19%
1232-1238Henryk Brodaty
19%
1238-1241Henryk Pobożny
19%
1243-1279Bolesław Wstydliwy
15%
1964-1968Edward Mieczysław Ochab
15%
1970-1972Józef Cyrankiewicz
13%
1210-1211Mieszko Plątonogi
11%
1058-1079Bolesław Szczordy
10%
1972-1985Henryk Jabłoński
8%
1289-1289Henryk Prawy
8%
1289-1290Henryk Prawy
8%
1952-1964Aleksander Zawadzki
5%
1968-1970Marian Spychalski
4%
1669-1673Michał Korybut Wiśnowiecki
3%

Rozkład punktacji

Percentyl według liczby udzielonych odpowiedzi

Procent ludzi z każdym wynikiem

Twoja historia wyników

Nie rozwiązałeś tego quizu